1807 1274 1232 1407 1508 1413 1936 1869 1492 1677 1736 1669 1949 1178 1886 1876 1695 1106 1404 1495 1635 1570 1519 1930 1387 1531 1564 1468 1950 1720 1120 1526 1745 1741 1144 1061 1145 1351 1069 1675 1889 1579 1405 1964 1694 1188 1278 1628 1347 1173 1606 1272 1865 1414 1905 1390 1294 1244 1016 1054 1892 1524 1958 1193 1521 1797 1601 1878 1692 1399 1380 1389 1759 1374 1842 1485 1672 1903 1160 1934 1463 1808 1799 1529 1977 1087 1719 1031 1110 1251 1835 1686 1745 1135 1685 1586 1800 1211 1079 BCNSPRNW ULIB Ver.6.0+V

เปลี่ยนเป็นภาษาไทย

Change to English
 แสดงรายละเอียดบรรณานุกรม
  กลับหน้าหลัก

Brief Record : Get Marc (ISO 2709) : E-mail record : QR code < ปิดหน้าต่าง
LEADER : 00000nam 2200000uu 4500
001    13399123573
003     ULIB
008    110619s2556||||th 000 0 tha d
020    9749441427
020    9789749441428
060 04 WY20.5^bป554ส
100 0  ปาริชาติ โรจน์พลากร-กู๊ช
245 10 สถิติสำหรับงานวิจัยทางการพยาบาล และการใช้โปรแกรม SPSS forwindows /^cปาริชาติ โรจน์พลากร-กู๊ช, ยุวดี ฦาชา
250    พิมพ์ครั้งที่ 4
260    กรุงเทพฯ :^bภาควิชาพยาบาลศาสตร์คณะพยาบาลศาสตร์โรงพยาบาลรามาธิบดี มหาวิทยาลัยมหิดล,^c2556
300    [7], 399 หน้า ;^c26 ซม.+CD
500 ตำ รานี้จัดพิมพ์เผยแพร่โดยได้รับความสนับสนุนจากโครงการตำราภาควิชาพยาบาลศาสตร์ คณะแพทยศาสตร์โรงพยาบาลรามาธิบดี มหาวิทยาลัยมหิดล
650  7 การพยาบาล^vวิจัย
650  7 สถิติศาสตร์
650  7 สถิติ^xโปรแกรมคอมพิวเตอร์
650  7 เอสพีเอสเอส (โปรแกรมคอมพิวเตอร์)
650  7 เอสพีเอสเอสสำหรับวินโดวส์
700 0  ยุวดี ฦาชา
710 2  มหาวิทยาลัยมหิดล. ^bคณะแพทยศาสตร์โรงพยาบาลรามาธิบดี.^bภาควิชาพยาบาลศาสตร์
945    ^p350^l0^i21289
945    ^p350^l0^i21290
995    ทศพร
999    ^aใช้งานได้ทุกระบบ
รายการนี้ยังไม่มีแท็ก
คุณยังไม่ได้ล็อกอิน คุณสามารถมีกิจกรรมร่วมกับเว็บไซต์ได้ แต่ต้องล็อกอินก่อน ::
  ล็อกอิน

รายการสื่อสารสนเทศ

ลำดับที่ ประเภท เลขเรียก/บาร์โค้ด สถานที่ สถานะ
1. Book การพยาบาล
Book การพยาบาล
สถานะ=หนังสือเก่า
WY20.5 ป554ส ฉ.1 
  Barcode: 21289
ห้องสมุดวิทยาเขตนครสวรรค์
►ส่วนจัดเก็บหนังสือเก่า นว.
บนชั้น
  ขอยืม
2. Book การพยาบาล
Book การพยาบาล
สถานะ=หนังสือเก่า
WY20.5 ป554ส ฉ.2 
  Barcode: 21290
ห้องสมุดวิทยาเขตนครสวรรค์
►ส่วนจัดเก็บหนังสือเก่า นว.
บนชั้น
  ขอยืม

รายการใกล้เคียง
    ผู้แต่ง [ปาริชาติ โรจน์พลากร-กู๊ช]

    หัวเรื่อง [สถิติศาสตร์]
    หัวเรื่อง [เอสพีเอสเอส (โปรแกรมคอมพิวเตอร์)]
    หัวเรื่อง [เอสพีเอสเอสสำหรับวินโดวส์]

BibComment


ยังไม่เคยถูกคอมเมนท์

คอมเมนท์ทรัพยากรรายการนี้
  คอมเมนท์: สถิติสำหรับงานวิจ..


 Copyright 2026. Bcnsprnw @Library